[Event "2nd Phase Olympiad Qualifiers 2020 - Ladies Section"]
[Site "Parklands Sports Club"]
[Date "2020.02.08"]
[Round "3"]
[Board "8"]
[White "Karoki Christine Muthoni, "]
[Black "Ingado, Mercy"]
[Result "1-0"]
[WhiteElo "1189"]
[BlackElo "1224"]
[PlyCount "71"]
[EventDate "2020.02.07"]
[EventRounds "6"]
[EventCountry "KEN"]

1. d4 Nf6 2. Nf3 d5 3. Bf4 Nc6 4. e3 Bf5 5. c3 e6 6. Qb3 Rb8 7. Bg3 Bd6 8. Ne5
O-O 9. Qd1 a6 10. Bxa6 Bxe5 11. dxe5 Ne4 12. Bd3 Nxg3 13. hxg3 Bxd3 14. Qxd3 g6
15. f4 f5 16. Nd2 b5 17. b4 Qc8 18. a4 bxa4 19. Rxa4 Ra8 20. Qc2 Qb7 21. Kf2
Rxa4 22. Qxa4 Ra8 23. Qd1 Ra2 24. g4 Na7 25. gxf5 exf5 26. Qe1 Nb5 27. Kg3 Nxc3
28. Nf3 Qxb4 29. Kh2 Re2 30. Qh4 Qb8 31. Ng5 h6 32. Rc1 Qb2 33. Rg1 Rxe3 34.
Ne6 Qb8 35. Qf6 Qc8 36. Qg7#  1-0

[Event "2nd Phase Olympiad Qualifiers 2020 - Ladies Section"]
[Site "Parklands Sports Club"]
[Date "2020.02.08"]
[Round "3"]
[Board "9"]
[White "Njeri Caroline, "]
[Black "Kimwere, Annete"]
[Result "0-1"]
[WhiteElo "1148"]
[BlackElo "1029"]
[PlyCount "78"]
[EventDate "2020.02.07"]
[EventRounds "6"]
[EventCountry "KEN"]

1. g3 Nf6 2. Bg2 c5 3. e4 d6 4. Ne2 g6 5. Nbc3 Bg7 6. O-O O-O 7. d4 cxd4 8.
Nxd4 e5 9. Ndb5 Ne8 10. b3 a6 11. Na3 Nc6 12. Nc4 b5 13. Ne3 Be6 14. Ncd5 Rc8
15. Ba3 Kh8 16. c4 Nd4 17. Rc1 Bh6 18. Bb2 Bg7 19. Nc2 Nc6 20. Na3 Bh6 21. Rc2
Nf6 22. cxb5 axb5 23. Nxb5 Nxd5 24. exd5 Nb4 25. Rxc8 Bxc8 26. a3 Qb6 27. a4
Bf5 28. Re1 Nd3 29. Qe2 Nxe1 30. Qxe1 Rc8 31. Nxd6 Rc2 32. Bxe5+ Kg8 33. Nxf5
gxf5 34. Qd1 Rc1 35. Qxc1 Bxc1 36. Bh3 Qxb3 37. d6 Qd1+ 38. Kg2 Qd5+ 39. Kg1
Qxe5  0-1

[Event "2nd Phase Olympiad Qualifiers 2020 - Ladies Section"]
[Site "Parklands Sports Club"]
[Date "2020.02.08"]
[Round "4"]
[Board "1"]
[White "Mongeli, Sasha"]
[Black "Madelta Glenda, "]
[Result "1-0"]
[WhiteElo "1534"]
[BlackElo "1423"]
[PlyCount "79"]
[EventDate "2020.02.07"]
[EventRounds "6"]
[EventCountry "KEN"]

1. e4 e6 2. d4 d5 3. exd5 exd5 4. Nf3 Bd6 5. Bd3 Ne7 6. O-O O-O 7. Re1 Bg4 8.
Bxh7+ Kh8 9. Bd3 g6 10. Bh6 Re8 11. h3 Nf5 12. Rxe8+ Qxe8 13. Bd2 Bxf3 14. Qxf3
Nxd4 15. Qf6+ Kg8 16. Qxd4 Be5 17. Qe3 c5 18. c3 d4 19. cxd4 cxd4 20. Qe1 Nc6
21. f4 Bd6 22. Qxe8+ Rxe8 23. Na3 a6 24. Re1 Rxe1+ 25. Bxe1 Bxf4 26. Kf1 Bc1
27. Nc4 b5 28. Na5 Ne5 29. Be4 d3 30. Bc3 Nd7 31. Bxd3 Nc5 32. Bc2 f5 33. Nb3
Nxb3 34. Bxb3+ Kf8 35. Ke2 Ke7 36. Bd5 a5 37. Bxa5 g5 38. Bc6 Kd6 39. Bxb5 Ke5
40. Bc6  1-0

[Event "2nd Phase Olympiad Qualifiers 2020 - Ladies Section"]
[Site "Parklands Sports Club"]
[Date "2020.02.08"]
[Round "4"]
[Board "2"]
[White "Ngima, Cheryl"]
[Black "Obondo, Cynthia Awino"]
[Result "1-0"]
[WhiteElo "1362"]
[BlackElo "1234"]
[PlyCount "107"]
[EventDate "2020.02.07"]
[EventRounds "6"]
[EventCountry "KEN"]

1. e4 e6 2. d4 d5 3. Nd2 c5 4. c3 cxd4 5. cxd4 Nf6 6. e5 Nfd7 7. Bd3 Nc6 8. Ne2
Qb6 9. Nf3 Bb4+ 10. Bd2 h6 11. a3 Bxd2+ 12. Qxd2 Na5 13. Rb1 Nb8 14. Qc2 Bd7
15. Nc3 Na6 16. Na4 Qc7 17. Qxc7 Nxc7 18. Nc5 Bb5 19. Bxb5+ Nxb5 20. a4 b6 21.
Na6 Rc8 22. axb5 Nb3 23. Nb4 Rc4 24. Nc6 a6 25. Nd2 Nxd2 26. Kxd2 axb5 27. Rhc1
O-O 28. b3 Rxc1 29. Rxc1 Ra8 30. Nb4 Ra3 31. Kc3 Ra8 32. Rc2 Ra1 33. f4 Rh1 34.
g3 g6 35. Nc6 h5 36. Kb4 Rb1 37. h4 Kf8 38. Rc3 Ke8 39. Kxb5 Kd7 40. Kxb6 Ra1
41. b4 Ra8 42. b5 Rc8 43. Ra3 Ke8 44. Ra7 Kf8 45. Rb7 Ke8 46. Rb8 Kd7 47. Rxc8
Kxc8 48. Ka7 Kd7 49. Nb4 Kc7 50. b6+ Kc8 51. b7+ Kc7 52. b8=Q+ Kd7 53. Qd6+ Kc8
54. Na6  1-0

[Event "2nd Phase Olympiad Qualifiers 2020 - Ladies Section"]
[Site "Parklands Sports Club"]
[Date "2020.02.08"]
[Round "4"]
[Board "3"]
[White "Shile, Lily Robi"]
[Black "Mutisya, Julie"]
[Result "0-1"]
[WhiteElo "1191"]
[BlackElo "1270"]
[PlyCount "99"]
[EventDate "2020.02.07"]
[EventRounds "6"]
[EventCountry "KEN"]

1. e4 d6 2. d4 Nf6 3. Nc3 g6 4. Nf3 Bg7 5. h3 c6 6. Bd3 O-O 7. O-O Nbd7 8. Bf4
h6 9. Ne2 Re8 10. e5 dxe5 11. dxe5 Nd5 12. Bh2 Nc5 13. c4 Nb4 14. Bc2 Qxd1 15.
Bxd1 Bf5 16. Nc1 Rad8 17. Re1 Nbd3 18. Nxd3 Nxd3 19. Re2 Rd7 20. b3 Red8 21. g4
Be6 22. Bc2 Nb4 23. a3 Nxc2 24. Rxc2 Rd3 25. Kg2 Rxb3 26. Nd2 Rbd3 27. Ne4 b6
28. c5 b5 29. f3 Bd5 30. Re2 Bxe4 31. Rxe4 Rd2+ 32. Kg3 R8d5 33. Rae1 e6 34.
Bg1 Rd1 35. Rxd1 Rxd1 36. Bd4 Bf8 37. Be3 Rd5 38. a4 a6 39. h4 Kh7 40. g5 h5
41. f4 Bxc5 42. Bxc5 Rxc5 43. axb5 axb5 44. Kf2 Rd5 45. Ke3 c5 46. Ke2 Kg7 47.
Re3 b4 48. Rb3 Kf8 49. Rd3 Rxd3 50. Kxd3  0-1

[Event "2nd Phase Olympiad Qualifiers 2020 - Ladies Section"]
[Site "Parklands Sports Club"]
[Date "2020.02.08"]
[Round "4"]
[Board "4"]
[White "Francisca Kagwiria, "]
[Black "Njeri, Maureen Kirigo"]
[Result "1-0"]
[WhiteElo "1227"]
[BlackElo "1181"]
[PlyCount "111"]
[EventDate "2020.02.07"]
[EventRounds "6"]
[EventCountry "KEN"]

1. e4 e5 2. Bc4 Nc6 3. Nf3 g6 4. O-O Bg7 5. c3 Nh6 6. d4 exd4 7. cxd4 O-O 8.
Nc3 d6 9. h3 b6 10. Be3 Kh8 11. Qd2 Ng8 12. Ng5 Qe7 13. Nd5 Qd7 14. Rac1 Bb7
15. Qc2 Nxd4 16. Bxd4 Bxd4 17. Qb3 h6 18. Nf3 Bg7 19. Rfd1 Rae8 20. Bd3 Bxd5
21. Qxd5 Bxb2 22. Rc2 Bg7 23. Bb5 Qe7 24. Bxe8 Rxe8 25. Re1 Nf6 26. Qb7 c5 27.
Qc6 Qd7 28. Qxd7 Nxd7 29. Rd2 Bc3 30. Rxd6 Bxe1 31. Nxe1 Re7 32. f3 Kg7 33. Kf2
c4 34. Nc2 Ne5 35. f4 Nd3+ 36. Ke3 f5 37. e5 Kf7 38. Nd4 Rb7 39. e6+ Ke7 40.
Rc6 b5 41. g4 Nb4 42. Rc5 a6 43. a3 Nd3 44. Rc6 Ra7 45. gxf5 g5 46. fxg5 hxg5
47. Rb6 Ra8 48. Rb7+ Ke8 49. f6 Ne5 50. Nf5 Kf8 51. Nd6 c3 52. Ke4 c2 53. Kxe5
c1=Q 54. Rf7+ Kg8 55. Rg7+ Kh8 56. Nf7#  1-0

[Event "2nd Phase Olympiad Qualifiers 2020 - Ladies Section"]
[Site "Parklands Sports Club"]
[Date "2020.02.08"]
[Round "4"]
[Board "5"]
[White "Mwikali, Daphne"]
[Black "Ronoh, Ednah"]
[Result "1-0"]
[WhiteElo "1537"]
[BlackElo "1214"]
[PlyCount "78"]
[EventDate "2020.02.07"]
[EventRounds "6"]
[EventCountry "KEN"]

1. c4 Nf6 2. g3 g6 3. Bg2 Bg7 4. Nc3 c6 5. e4 d6 6. Nge2 Nbd7 7. d3 O-O 8. O-O
e5 9. Be3 Ng4 10. Bd2 h5 11. h3 Ngf6 12. Bg5 a6 13. Qd2 Re8 14. Rac1 Nf8 15.
Bh6 Ne6 16. Bxg7 Kxg7 17. f4 Re7 18. Kh2 Qh8 19. f5 Nd4 20. Qg5 Qh6 21. Qxh6+
Kxh6 22. fxg6 Kxg6 23. Nxd4 exd4 24. Ne2 d5 25. Nf4+ Kg7 26. exd5 cxd5 27. cxd5
Rb8 28. Rfe1 Re3 29. Rxe3 dxe3 30. Re1 b5 31. Rxe3 Bf5 32. Be4 Bg6 33. Bxg6
fxg6 34. Re7+ Kh6 35. d6 Rd8 36. Re6 Kg7 37. Kg2 Rd7 38. Re7+ Rxe7 39. dxe7 Kf7
 1-0

[Event "2nd Phase Olympiad Qualifiers 2020 - Ladies Section"]
[Site "Parklands Sports Club"]
[Date "2020.02.08"]
[Round "4"]
[Board "6"]
[White "Mwendwa, Triza"]
[Black "Awinja, Easter Judith"]
[Result "1-0"]
[WhiteElo "1408"]
[BlackElo "1473"]
[PlyCount "130"]
[EventDate "2020.02.07"]
[EventRounds "6"]
[EventCountry "KEN"]

1. d4 Nf6 2. Bf4 c5 3. e3 Qb6 4. Nc3 e6 5. Nf3 d5 6. Be2 c4 7. Rb1 Bb4 8. a3
Be7 9. O-O O-O 10. Ne5 Nc6 11. Na2 Nxe5 12. Bxe5 Qc6 13. Nc3 Nd7 14. Bg3 Bd6
15. Bxd6 Qxd6 16. e4 f6 17. Bf3 Nb6 18. Re1 Bd7 19. exd5 exd5 20. Qd2 g5 21.
Bh5 a6 22. Re3 Be8 23. Qe2 Bg6 24. Bxg6 hxg6 25. Re1 Rf7 26. Re6 Qc7 27. Qf3
Kg7 28. Nxd5 Nxd5 29. Qxd5 Rh8 30. Qd6 Qa5 31. c3 Qf5 32. Qg3 Qc2 33. R6e2 Qb3
34. h3 Qb5 35. Qd6 Qf5 36. Re7 Rhf8 37. Qc7 Qb5 38. Rxf7+ Rxf7 39. Re7 Qd5 40.
Rxf7+ Qxf7 41. Qxf7+ Kxf7 42. Kf1 Ke6 43. Ke2 Kd5 44. Ke3 b5 45. g3 f5 46. h4
gxh4 47. gxh4 Ke6 48. Kf3 Kd5 49. Kf4 Ke6 50. Kg5 Kd5 51. f3 a5 52. Kxg6 b4 53.
axb4 axb4 54. h5 bxc3 55. bxc3 f4 56. h6 Kc6 57. h7 Kb5 58. h8=Q Ka4 59. d5 Kb3
60. d6 Kc2 61. d7 Kd3 62. d8=Q+ Kc2 63. Qh2+ Kxc3 64. Qdd2+ Kb3 65. Qb2+ Ka4
 1-0

[Event "2nd Phase Olympiad Qualifiers 2020 - Ladies Section"]
[Site "Parklands Sports Club"]
[Date "2020.02.08"]
[Round "4"]
[Board "9"]
[White "Wayuyu, Ann"]
[Black "Karoki Christine Muthoni, "]
[Result "0-1"]
[WhiteElo "1194"]
[BlackElo "1189"]
[PlyCount "122"]
[EventDate "2020.02.07"]
[EventRounds "6"]
[EventCountry "KEN"]

1. e4 c6 2. Nf3 d5 3. exd5 cxd5 4. d4 Bf5 5. Nc3 a6 6. Bd3 Bg6 7. Nh4 e6 8. Nf3
Bd6 9. Bxg6 hxg6 10. Qe2 Qa5 11. O-O Ne7 12. Bd2 Qc7 13. h3 Nbc6 14. Rfe1 b5
15. Nd1 Qb6 16. c3 Rc8 17. Ne3 Bb8 18. Ng4 O-O 19. Nfe5 Nxe5 20. Nxe5 Qc7 21.
Nf3 Kh8 22. Qe5 Qxe5 23. dxe5 Rc7 24. Be3 Rfc8 25. Ng5 Kg8 26. f4 Nf5 27. Bd2
Ba7+ 28. Kh2 Rc6 29. g4 Nh6 30. Nf3 Kf8 31. Rac1 Ke7 32. Be3 Bxe3 33. Rxe3 Rh8
34. Nd4 Rc4 35. Rd1 Nxg4+ 36. Kg3 Nxe3 37. Re1 Nf5+ 38. Nxf5+ gxf5 39. Re2 a5
40. h4 b4 41. cxb4 axb4 42. Rh2 Re4 43. h5 g6 44. h6 d4 45. Kf3 Re3+ 46. Kf2
Rd3 47. Ke1 Rf3 48. h7 Rxf4 49. Kd2 g5 50. Kd3 Kf8 51. Kc4 Kg7 52. Kxb4 Rxh7
53. Rxh7+ Kxh7 54. a4 d3+ 55. Kc3 g4 56. b3 g3 57. a5 g2 58. b4 g1=Q 59. Kb3
Qb1+ 60. Ka3 Rxb4 61. a6 Qb3#  0-1

[Event "2nd Phase Olympiad Qualifiers 2020 - Ladies Section"]
[Site "Parklands Sports Club"]
[Date "2020.02.08"]
[Round "4"]
[Board "10"]
[White "Kimwere, Annete"]
[Black "Ingado, Mercy"]
[Result "0-1"]
[WhiteElo "1029"]
[BlackElo "1224"]
[PlyCount "112"]
[EventDate "2020.02.07"]
[EventRounds "6"]
[EventCountry "KEN"]

1. d4 Nf6 2. Bf4 d5 3. e3 Bf5 4. c3 e6 5. Nd2 Bd6 6. Bg3 Nc6 7. Ngf3 a6 8. Be2
O-O 9. O-O b5 10. a3 Ne4 11. Ne5 Nxg3 12. Nxc6 Nxe2+ 13. Qxe2 Bxh2+ 14. Kxh2
Qd6+ 15. Kg1 Qxc6 16. Rac1 f6 17. f4 Qd6 18. Qh5 Bg6 19. Qh2 c5 20. f5 Qxh2+
21. Kxh2 Bxf5 22. dxc5 a5 23. Rf4 g5 24. Rd4 a4 25. g4 Bg6 26. Rf1 Rac8 27. b4
h5 28. Nf3 hxg4 29. Rxg4 Kg7 30. Nd4 Rh8+ 31. Kg1 Bd3 32. Rf2 Rce8 33. c6 e5
34. Nf3 Rc8 35. Nxg5 fxg5 36. Rxg5+ Kh6 37. Rxe5 Rhg8+ 38. Kh2 Rxc6 39. Rxd5
Bc4 40. Rd4 Rg5 41. Kh3 Be6+ 42. Kh2 Rxc3 43. Rf6+ Rg6 44. Rf2 Rxe3 45. Rh4+
Kg7 46. Rc2 Rxa3 47. Rc7+ Bf7 48. Rb7 Ra2+ 49. Kh3 a3 50. Rg4 Rxg4 51. Kxg4 Ra1
52. Ra7 a2 53. Rxa2 Rxa2 54. Kf3 Rb2 55. Ke3 Rxb4 56. Kd2 Rc4  0-1

[Event "2nd Phase Olympiad Qualifiers 2020 - Ladies Section"]
[Site "Parklands Sports Club"]
[Date "2020.02.09"]
[Round "5"]
[Board "1"]
[White "Ngima, Cheryl"]
[Black "Mongeli, Sasha"]
[Result "0-1"]
[WhiteElo "1362"]
[BlackElo "1534"]
[PlyCount "97"]
[EventDate "2020.02.07"]
[EventRounds "6"]
[EventCountry "KEN"]

1. e4 e5 2. Nf3 Nc6 3. Bc4 Be7 4. O-O Nf6 5. Re1 d6 6. d4 exd4 7. Nxd4 Bd7 8.
Nc3 O-O 9. Nd5 Nxd5 10. exd5 Ne5 11. Be2 Bf6 12. Nf3 Re8 13. h3 Ba4 14. Nxe5
Bxe5 15. Rb1 Qf6 16. b3 Bd7 17. Be3 Bc3 18. Rf1 Bf5 19. Bd3 Re7 20. g4 Be4 21.
Bxe4 Rxe4 22. Qd3 Ree8 23. Rbd1 h6 24. Bd4 Bxd4 25. Qxd4 Qxd4 26. Rxd4 Re2 27.
Rc4 Rc8 28. Rd1 Kf8 29. Kf1 Re7 30. Re1 Rce8 31. Rxe7 Rxe7 32. f4 Ke8 33. Kf2
Kd7 34. Kf3 Re1 35. Re4 Rh1 36. Kg3 Rd1 37. c4 Rd2 38. b4 Rxa2 39. g5 hxg5 40.
fxg5 Ra1 41. Kg4 Rg1+ 42. Kh5 a6 43. h4 Rb1 44. Rf4 Ke7 45. c5 dxc5 46. bxc5
Rd1 47. Re4+ Kd7 48. Re5 Rd4 49. Rf5  0-1

[Event "2nd Phase Olympiad Qualifiers 2020 - Ladies Section"]
[Site "Parklands Sports Club"]
[Date "2020.02.09"]
[Round "5"]
[Board "2"]
[White "Mutisya, Julie"]
[Black "Francisca Kagwiria, "]
[Result "1-0"]
[WhiteElo "1270"]
[BlackElo "1227"]
[PlyCount "29"]
[EventDate "2020.02.07"]
[EventRounds "6"]
[EventCountry "KEN"]

1. d4 Nf6 2. Bf4 e6 3. e3 d5 4. Nf3 c5 5. Nc3 Bd6 6. Ne5 Qc7 7. Nb5 Qa5+ 8. c3
Be7 9. Nxf7 Kxf7 10. Nc7 Na6 11. Bxa6 bxa6 12. Nxa8 Nh5 13. Qxh5+ g6 14. Qf3
Re8 15. Bc7+  1-0

[Event "2nd Phase Olympiad Qualifiers 2020 - Ladies Section"]
[Site "Parklands Sports Club"]
[Date "2020.02.09"]
[Round "5"]
[Board "3"]
[White "Madelta Glenda, "]
[Black "Mwendwa, Triza"]
[Result "1/2-1/2"]
[WhiteElo "1423"]
[BlackElo "1408"]
[PlyCount "60"]
[EventDate "2020.02.07"]
[EventRounds "6"]
[EventCountry "KEN"]

1. d4 d5 2. Nc3 Bf5 3. Bf4 e6 4. a3 Bd6 5. Bg3 c6 6. Nf3 Bc7 7. e3 Nd7 8. Ne5
Ngf6 9. Bd3 Bg6 10. f4 Ne4 11. Nxe4 dxe4 12. Be2 f5 13. h4 Nxe5 14. fxe5 h5 15.
c3 Qd7 16. Bf4 Bd8 17. Rh3 Bf7 18. Rh1 Qc7 19. Qb3 Qb6 20. Bc4 Qxb3 21. Bxb3
Rc8 22. Rc1 g6 23. Ke2 Be7 24. Bg3 Bd8 25. Bf2 Ke7 26. g3 Bb6 27. Be1 Rhd8 28.
Bd2 Be8 29. Ba2 Bd7 30. b4 a6  1/2-1/2

[Event "2nd Phase Olympiad Qualifiers 2020 - Ladies Section"]
[Site "Parklands Sports Club"]
[Date "2020.02.09"]
[Round "5"]
[Board "4"]
[White "Obondo, Cynthia Awino"]
[Black "Mwikali, Daphne"]
[Result "1-0"]
[WhiteElo "1234"]
[BlackElo "1537"]
[PlyCount "92"]
[EventDate "2020.02.07"]
[EventRounds "6"]
[EventCountry "KEN"]

1. d4 c5 2. e3 cxd4 3. exd4 d5 4. Bd3 Nf6 5. h3 e6 6. Nf3 Be7 7. O-O O-O 8.
Nbd2 b6 9. b3 Ba6 10. c4 dxc4 11. Nxc4 Nc6 12. Bb2 Rc8 13. a3 Bb7 14. Re1 Nd5
15. Bc2 Bf6 16. Qd3 g6 17. Nfe5 Nce7 18. Qd2 Bg7 19. Be4 b5 20. Na5 Ba8 21.
Rac1 Qd6 22. b4 Nf5 23. Bxf5 exf5 24. Nf3 Nf4 25. Qe3 Bh6 26. Kf1 Rce8 27. Qc3
Nd5 28. Qc5 Qxc5 29. Rxc5 Rxe1+ 30. Nxe1 a6 31. Nd3 Re8 32. Nc6 Bxc6 33. Rxc6
Re6 34. Rc8+ Kg7 35. Rd8 Nf6 36. d5 Re4 37. d6 Bg5 38. d7 Kh6 39. Bxf6 Bxf6 40.
Re8 Rd4 41. Nc5 f4 42. Re4 Rd6 43. Rxf4 Kg5 44. Rxf6 Kxf6 45. Ne4+ Ke6 46. Nxd6
Kxd6  1-0

[Event "2nd Phase Olympiad Qualifiers 2020 - Ladies Section"]
[Site "Parklands Sports Club"]
[Date "2020.02.09"]
[Round "5"]
[Board "5"]
[White "Karoki Christine Muthoni, "]
[Black "Shah, Janki Nipul"]
[Result "1-0"]
[WhiteElo "1189"]
[BlackElo "1223"]
[PlyCount "81"]
[EventDate "2020.02.07"]
[EventRounds "6"]
[EventCountry "KEN"]

1. d4 Nf6 2. Nf3 Nc6 3. Bf4 d5 4. e3 a6 5. c3 Bf5 6. Bg3 e6 7. Qb3 Qc8 8. Nbd2
Be7 9. c4 O-O 10. c5 Re8 11. Bd3 Bxd3 12. Qxd3 Nb4 13. Qc3 Nc6 14. a3 h6 15. b4
Qd7 16. O-O b6 17. Rad1 Rad8 18. Qa1 a5 19. b5 Na7 20. a4 Rb8 21. c6 Qd8 22.
Ne5 Bd6 23. Ndf3 Nc8 24. Bh4 Ne7 25. Bxf6 gxf6 26. Nd7 Rc8 27. Nxf6+ Kf8 28.
Qb1 Ng6 29. Nxe8 Kxe8 30. e4 Qe7 31. exd5 Qd8 32. dxe6 fxe6 33. Qxg6+ Kf8 34.
Qxh6+ Kg8 35. Rde1 Qe7 36. Rxe6 Qf7 37. Rg6+ Qxg6 38. Qxg6+ Kf8 39. Ng5 Ke7 40.
Qf7+ Kd8 41. Ne6#  1-0

[Event "2nd Phase Olympiad Qualifiers 2020 - Ladies Section"]
[Site "Parklands Sports Club"]
[Date "2020.02.09"]
[Round "5"]
[Board "6"]
[White "Njeri, Maureen Kirigo"]
[Black "Ogaga Nicole Albright Shamira, "]
[Result "0-1"]
[WhiteElo "1181"]
[BlackElo "1213"]
[PlyCount "108"]
[EventDate "2020.02.07"]
[EventRounds "6"]
[EventCountry "KEN"]

1. d4 d5 2. Bf4 Bf5 3. Nf3 Nf6 4. e3 Nbd7 5. Be2 e6 6. h3 Be4 7. Rg1 Bxf3 8.
Bxf3 Be7 9. Nd2 c5 10. c3 cxd4 11. exd4 O-O 12. Qc2 Qb6 13. Qb3 Qc6 14. Be2 a6
15. g4 Ne4 16. Bd3 Nxd2 17. Kxd2 f6 18. Qc2 f5 19. gxf5 exf5 20. Bxf5 Nf6 21.
Be5 Ne4+ 22. Bxe4 Qh6+ 23. Ke1 Rf7 24. Bxd5 Raf8 25. Rxg7+ Qxg7 26. Bxf7+ Qxf7
27. Rd1 Bh4 28. Rd2 Qf3 29. Qb3+ Rf7 30. Qc2 Qh1+ 31. Ke2 Rxf2+ 32. Kd3 Qf3+
33. Kc4 b5+ 34. Kb4 Be7+ 35. Kb3 Qd5+ 36. c4 bxc4+ 37. Qxc4 Qxc4+ 38. Kxc4 Rxd2
39. a4 Rxb2 40. d5 Rb4+ 41. Kc3 Rxa4 42. d6 Re4 43. Bh2 Bd8 44. Kd3 Rh4 45. Be5
Rxh3+ 46. Kd4 Kf7 47. Kd5 a5 48. Kc6 Ke6 49. Bb2 a4 50. Bg7 a3 51. Ba1 a2 52.
Bg7 Rh1 53. d7 a1=Q 54. Bxa1 Rxa1  0-1

[Event "2nd Phase Olympiad Qualifiers 2020 - Ladies Section"]
[Site "Parklands Sports Club"]
[Date "2020.02.09"]
[Round "5"]
[Board "8"]
[White "Ingado, Mercy"]
[Black "Awinja, Easter Judith"]
[Result "1/2-1/2"]
[WhiteElo "1224"]
[BlackElo "1473"]
[PlyCount "88"]
[EventDate "2020.02.07"]
[EventRounds "6"]
[EventCountry "KEN"]

1. e4 e6 2. f4 d5 3. e5 c5 4. Nf3 Nc6 5. Bb5 Bd7 6. Bxc6 Bxc6 7. d4 Qb6 8. Nc3
Nh6 9. b3 Nf5 10. Na4 Bxa4 11. dxc5 Bxc5 12. bxa4 Qb4+ 13. Bd2 Qxa4 14. c3 Qc6
15. g4 Ne3 16. Bxe3 Bxe3 17. f5 Qxc3+ 18. Ke2 O-O 19. f6 g6 20. Rb1 Bf4 21. Re1
Qc4+ 22. Kf2 Qxa2+ 23. Re2 Qa5 24. Qd4 g5 25. h4 h6 26. Kg2 b6 27. hxg5 hxg5
28. Qg1 Qc3 29. Qh1 Qd3 30. Ree1 Rfc8 31. Rb2 Rc2+ 32. Rxc2 Qxc2+ 33. Kf1 Rc8
34. Nd4 Qd3+ 35. Ne2 Rc2 36. Qh5 Qf3+ 37. Kg1 Qe3+ 38. Kf1 Qf3+ 39. Kg1 Be3+
40. Kh2 Qf2+ 41. Kh3 Qxe1 42. Ng3 Qf2 43. Ne2 Rxe2 44. Qh7+ Kxh7  1/2-1/2

[Event "2nd Phase Olympiad Qualifiers 2020 - Ladies Section"]
[Site "Parklands Sports Club"]
[Date "2020.02.09"]
[Round "6"]
[Board "1"]
[White "Mongeli, Sasha"]
[Black "Obondo, Cynthia Awino"]
[Result "1/2-1/2"]
[WhiteElo "1534"]
[BlackElo "1234"]
[PlyCount "77"]
[EventDate "2020.02.07"]
[EventRounds "6"]
[EventCountry "KEN"]

1. e4 e6 2. d4 d5 3. exd5 Qxd5 4. Nf3 Nf6 5. Bd3 c5 6. dxc5 Bxc5 7. Bb5+ Bd7 8.
Qxd5 Nxd5 9. Bxd7+ Nxd7 10. c3 N7f6 11. Nbd2 Nf4 12. O-O Nd3 13. Ne1 Nxc1 14.
Rxc1 Rd8 15. Nef3 Ke7 16. Rfe1 Rd3 17. Nb3 Bb6 18. Ne5 Rd5 19. h3 Nd7 20. Nc4
Rc8 21. Nxb6 Nxb6 22. Nd4 Nc4 23. b3 Ne5 24. c4 Nxc4 25. Nxe6 fxe6 26. Rxc4
Rxc4 27. bxc4 Rd2 28. Rb1 b6 29. a4 Kd6 30. a5 Kc6 31. axb6 axb6 32. Re1 Kd6
33. Rb1 Kc6 34. Re1 Rd6 35. Re5 Rd1+ 36. Kh2 Kd6 37. Rb5 Kc6 38. Re5 Kd6 39.
Rb5  1/2-1/2

[Event "2nd Phase Olympiad Qualifiers 2020 - Ladies Section"]
[Site "Parklands Sports Club"]
[Date "2020.02.09"]
[Round "6"]
[Board "2"]
[White "Madelta Glenda, "]
[Black "Mutisya, Julie"]
[Result "1/2-1/2"]
[WhiteElo "1423"]
[BlackElo "1270"]
[PlyCount "64"]
[EventDate "2020.02.07"]
[EventRounds "6"]
[EventCountry "KEN"]

1. d4 Nf6 2. Nc3 e6 3. a3 d5 4. Bf4 c5 5. e3 Nc6 6. Nb5 Qa5+ 7. c3 e5 8. dxe5
Ne4 9. Qxd5 Nxc3 10. Nxc3 Be6 11. Qd1 Rd8 12. Qc1 c4 13. Nf3 Be7 14. Be2 h6 15.
h4 b5 16. Qc2 Nb4 17. Qc1 Nd5 18. O-O Bg4 19. Nxd5 Rxd5 20. Bg3 g5 21. hxg5
hxg5 22. Rd1 Rxd1+ 23. Qxd1 b4 24. Bxc4 bxa3 25. bxa3 O-O 26. Qb3 Bd8 27. Rd1
Bxf3 28. gxf3 Be7 29. e6 Qxa3 30. exf7+ Rxf7 31. Bxf7+ Kf8 32. Qxa3 Bxa3
 1/2-1/2

[Event "2nd Phase Olympiad Qualifiers 2020 - Ladies Section"]
[Site "Parklands Sports Club"]
[Date "2020.02.09"]
[Round "6"]
[Board "5"]
[White "Mwendwa, Triza"]
[Black "Shile, Lily Robi"]
[Result "1-0"]
[WhiteElo "1408"]
[BlackElo "1191"]
[PlyCount "99"]
[EventDate "2020.02.07"]
[EventRounds "6"]
[EventCountry "KEN"]

1. d4 d5 2. Bf4 Nc6 3. e3 a6 4. Nf3 Bg4 5. Be2 Bxf3 6. Bxf3 e6 7. Nd2 Bd6 8.
Bg3 Bxg3 9. hxg3 Qd6 10. c3 Nf6 11. e4 e5 12. exd5 Nxd5 13. Nc4 Qd7 14. dxe5
Rd8 15. Qxd5 Qxd5 16. Bxd5 Rxd5 17. f4 O-O 18. Rd1 Rxd1+ 19. Kxd1 b5 20. Ne3 b4
21. cxb4 Nxb4 22. a3 Nd3 23. Kc2 Nc5 24. Rd1 f6 25. exf6 Rxf6 26. Ng4 Re6 27.
Ne5 g5 28. Rd4 Kg7 29. b4 Na4 30. Rd7+ Kh6 31. Rxc7 gxf4 32. gxf4 Nb6 33. Rc6
Rxc6+ 34. Nxc6 Kg6 35. Kd3 Kf5 36. g3 h5 37. Nd4+ Kf6 38. Ke4 Nc4 39. a4 Nd6+
40. Kd5 Nf5 41. Ne2 Nxg3 42. Nxg3 h4 43. Nh1 Kf5 44. b5 axb5 45. axb5 Kxf4 46.
b6 Kf3 47. b7 Kg2 48. b8=Q Kxh1 49. Qh8 h3 50. Qxh3+  1-0

[Event "2nd Phase Olympiad Qualifiers 2020 - Ladies Section"]
[Site "Parklands Sports Club"]
[Date "2020.02.09"]
[Round "6"]
[Board "6"]
[White "Mwikali, Daphne"]
[Black "Njeri, Maureen Kirigo"]
[Result "1-0"]
[WhiteElo "1537"]
[BlackElo "1181"]
[PlyCount "77"]
[EventDate "2020.02.07"]
[EventRounds "6"]
[EventCountry "KEN"]

1. c4 c5 2. g3 g6 3. Bg2 Bg7 4. Nc3 Nc6 5. e4 e5 6. Nge2 Nge7 7. O-O d6 8. d3
Bg4 9. h3 Bxe2 10. Nxe2 O-O 11. Be3 Qd7 12. Qd2 f5 13. exf5 Nxf5 14. Nc3 Nfd4
15. f4 exf4 16. Bxf4 Rae8 17. Rae1 Kh8 18. Ne4 Be5 19. Bh6 Rxf1+ 20. Rxf1 Nf5
21. Bf4 Kg7 22. g4 Bxf4 23. Qxf4 Rxe4 24. Bxe4 Ncd4 25. Rf2 Ne6 26. Bxf5 Nxf4
27. Bxd7 Nxh3+ 28. Kg2 Nxf2 29. Kxf2 Kf6 30. Ke3 Ke5 31. Bc8 b6 32. Bb7 g5 33.
Be4 h6 34. a4 a6 35. Bf3 a5 36. Bg2 Ke6 37. Ke4 Kf6 38. Kd5 Ke7 39. Kc6  1-0